Dreamweaver 4/ (Record no. 35720)

MARC details
000 -LEADER
fixed length control field 00481nam a22001817a 4500
005 - DATE AND TIME OF LATEST TRANSACTION
control field 20240508112111.0
008 - FIXED-LENGTH DATA ELEMENTS--GENERAL INFORMATION
fixed length control field 240508b |||||||| |||| 00| 0 eng d
020 ## - INTERNATIONAL STANDARD BOOK NUMBER
ISBN 81-7635-516-x
082 ## - DEWEY DECIMAL CLASSIFICATION NUMBER
Classification number 005.133
Item number BRU-D
100 ## - MAIN ENTRY--AUTHOR
Author Name Bruce;Betsy
245 ## - TITLE STATEMENT
Title Dreamweaver 4/
Statement of responsibility, etc. Betsy Bruce
250 ## - EDITION STATEMENT
Edition statement 1st ed.
260 ## - PUBLICATION, DISTRIBUTION, ETC.
Place of Publication India;
Name of publisher, distributor, etc. Techmedia;
Date of publication, distribution, etc. 2001
300 ## - PHYSICAL DESCRIPTION
Pages xvi, 450 p.:
500 ## - GENERAL NOTE
General note Include indx.
650 ## - SUBJECT ADDED ENTRY--TOPICAL TERM
Subject / Department Computer Science/Computer Programming
300 ## - PHYSICAL DESCRIPTION
-- ill;
-- 23 cm.
952 ## - LOCATION AND ITEM INFORMATION (KOHA)
-- 0
-- 0
Holdings
Lost status Damaged status Collection code Permanent Location Current Location Date acquired Full Call Number Accession No./Barcode Date last seen item type Koha item type
    CS/IT Superior Information Resource Center (SIRC) Superior University - City Campus Superior Information Resource Center (SIRC) Superior University - City Campus 05/08/2024 005.133 BRU-D 2001 3136 05/08/2024 BOOK BOOK

Powered by Koha